000 00341nam a22001457a 4500
003 SGT
020 _a9788126714599
082 _a384.3
_bT08K
100 _aMukesh Kumar Shyam Kashyap
245 _aTelevision Ki Kahani
260 _aNEW DELHI
_bRAJKAMAL PRAKASHAN
_c2008
300 _a268
650 _aMASS COMMUNICATION
942 _2ddc
_cBK
999 _c13007
_d13007